The politics of privatisation in Western Europe

Saved in:
Bibliographic Details
Other Authors: Vickers, John (Editor), Wright, Vincent (Editor)
Format: Book
Language:English
Published: London : Frank Cass, c1989
Subjects:
Tags: Add Tag
No Tags, Be the first to tag this record!

MARC

LEADER 00000nam a2200000 i 4500
001 1/67787
008 931111s eng d
020 |a 0-7146-3358-5 
035 |a ΛΕΣΒΟΣb10001959  |l 10001959 
040 |a GR-MY-UA  |b gre  |e aacr 
041 0 |a eng 
082 0 |a 338.94 
245 1 4 |a The politics of privatisation in Western Europe /  |c Edited by John Vichers; Vincent Wright 
260 |a London :   |b Frank Cass,   |c c1989 
300 |a 145 p. 
500 |a First appeared in a special issue ... of Western European politics, vol. 11, no. 4, October 1988 - Verso t.p. 
504 |a Includes bibliographical references 
650 0 0 |a Privatization  |z Europe. 
650 0 0 |a Privatization  |x Political aspects  |z Europe. 
700 1 |a Vickers, John.  |4 edt 
700 1 |a Wright, Vincent.  |4 edt 
852 |a INST  |b LESVOS  |e 19931111  |h 338.94 POL  |p 005100004166  |q 005100004166  |t BK  |y 0 
909 |a Λ  |b 028658